Asomor prekshapotot uttar -ub bharatar rajniti (Record no. 4685)

MARC details
000 -LEADER
fixed length control field 00739cam a2200241ua 4500
008 - FIXED-LENGTH DATA ELEMENTS--GENERAL INFORMATION
fixed length control field 131028n2013 ii |||gr||||Z||||||asm
020 ## - INTERNATIONAL STANDARD BOOK NUMBER
International Standard Book Number 978-81-923218-9-9
040 ## - CATALOGING SOURCE
Transcribing agency MAIN
082 ## - DEWEY DECIMAL CLASSIFICATION NUMBER
Classification number 320.95416
245 ## - TITLE STATEMENT
Title Asomor prekshapotot uttar -ub bharatar rajniti
Statement of responsibility, etc. by Kamal Gogoi
250 ## - EDITION STATEMENT
Edition statement 1st. ed.
260 ## - PUBLICATION, DISTRIBUTION, ETC.
Place of publication, distribution, etc. Dibrugarh:
Name of publisher, distributor, etc. National Library,
Date of publication, distribution, etc. 2013.
300 ## - PHYSICAL DESCRIPTION
Extent x,560p.
700 ## - ADDED ENTRY--PERSONAL NAME
Personal name Gogoi, Kamal,
Relator term
700 ## - ADDED ENTRY--PERSONAL NAME
Personal name Borah, Gonesh Ch.,
Relator term
700 ## - ADDED ENTRY--PERSONAL NAME
Personal name Das, Dipen,
Relator term
700 ## - ADDED ENTRY--PERSONAL NAME
Personal name Kalita,Tapan C.,
Relator term
942 ## - ADDED ENTRY ELEMENTS (KOHA)
Koha item type Books
653 ## - INDEX TERM--UNCONTROLLED
Uncontrolled term Political science
653 ## - INDEX TERM--UNCONTROLLED
Uncontrolled term Politics of North East India with special reference to Assam
653 ## - INDEX TERM--UNCONTROLLED
Uncontrolled term Asomor prekshapotot uttar -ub bharatar rajniti
Holdings
Withdrawn status Lost status Damaged status Not for loan Home library Current library Shelving location Date acquired Total Checkouts Full call number Barcode Date last seen Date last checked out Copy number Price effective from Koha item type
        Naharkatiya College Central Library Naharkatiya College Central Library General Stacks 19/09/2020 1 320.95416 | ASO 20934 13/11/2021 27/09/2021 5 19/09/2020 Books
        Naharkatiya College Central Library Naharkatiya College Central Library General Stacks 19/09/2020 1 320.95416 | ASO 20935 02/11/2021 05/10/2021 8 19/09/2020 Books
        Naharkatiya College Central Library Naharkatiya College Central Library General Stacks 19/09/2020   320.95416 | ASO 20936 19/09/2020   4 19/09/2020 Books
        Naharkatiya College Central Library Naharkatiya College Central Library General Stacks 19/09/2020   320.95416 | ASO 20961 19/09/2020   2 19/09/2020 Books
        Naharkatiya College Central Library Naharkatiya College Central Library General Stacks 19/09/2020 1 320.95416 | ASO 20962 03/03/2022 27/09/2021 3 19/09/2020 Books
        Naharkatiya College Central Library Naharkatiya College Central Library General Stacks 19/09/2020   320.95416 | ASO 20963 19/09/2020   6 19/09/2020 Books
        Naharkatiya College Central Library Naharkatiya College Central Library General Stacks 19/09/2020   320.95416 | ASO 20964 19/09/2020   1 19/09/2020 Books
        Naharkatiya College Central Library Naharkatiya College Central Library General Stacks 19/09/2020 3 320.95416 | ASO 20965 28/12/2021 13/11/2021 7 19/09/2020 Books

Naharkatiya College © 2020. All rights reserved.

Powered By